Studio/ (Record no. 4012)

MARC details
000 -LEADER
campo de control de longitud fija 01300nam a22004577a 4500
003 - IDENTIFICADOR DE NÚMERO DE CONTROL
campo de control OSt
005 - FECHA Y HORA DE LA ÚLTIMA TRANSACCIÓN
campo de control 20230712081420.0
008 - DATOS DE LONGITUD FIJA--INFORMACIÓN GENERAL
campo de control de longitud fija 221006b |||||||| |||| 00| 0 eng d
040 ## - FUENTE DE CATALOGACIÓN
Centro/agencia transcriptor Biblioteca Lado V
082 ## - NÚMERO DE LA CLASIFICACIÓN DECIMAL DEWEY
Número de clasificación 700
Número de ítem E92s
100 ## - ENTRADA PRINCIPAL--NOMBRE DE PERSONA
9 (RLIN) 880
Nombre de persona Evans, Ali
Término indicativo de función/relación editor
245 ## - MENCIÓN DEL TÍTULO
Título Studio/
Resto del título The Studio Museum in Harlem Magazine/
260 ## - PUBLICACIÓN, DISTRIBUCIÓN, ETC.
Fecha de publicación, distribución, etc. 2006
Nombre del editor, distribuidor, etc. Cosmos Comunications, Inc.
Lugar de publicación, distribución, etc. New York
300 ## - DESCRIPCIÓN FÍSICA
Dimensiones 18.5x25cm
Extensión 56p.
490 ## - MENCIÓN DE SERIE
Designación de volumen o secuencia 2006
Número Internacional Normalizado para Publicaciones Seriadas 0864-0491
Mención de serie Spring
505 ## - NOTA DE CONTENIDO CON FORMATO
Nota de contenido con formato What's up
505 ## - NOTA DE CONTENIDO CON FORMATO
Nota de contenido con formato Upcoming exhibitions
505 ## - NOTA DE CONTENIDO CON FORMATO
Nota de contenido con formato Feature
505 ## - NOTA DE CONTENIDO CON FORMATO
Nota de contenido con formato Questions
505 ## - NOTA DE CONTENIDO CON FORMATO
Nota de contenido con formato Profile
505 ## - NOTA DE CONTENIDO CON FORMATO
Nota de contenido con formato Elsewhere
505 ## - NOTA DE CONTENIDO CON FORMATO
Nota de contenido con formato Dispatch
505 ## - NOTA DE CONTENIDO CON FORMATO
Nota de contenido con formato Commissioned
505 ## - NOTA DE CONTENIDO CON FORMATO
Nota de contenido con formato Feature
505 ## - NOTA DE CONTENIDO CON FORMATO
Nota de contenido con formato Studio visit
505 ## - NOTA DE CONTENIDO CON FORMATO
Nota de contenido con formato Profile
505 ## - NOTA DE CONTENIDO CON FORMATO
Nota de contenido con formato Coloring Page
505 ## - NOTA DE CONTENIDO CON FORMATO
Nota de contenido con formato StudioSound
505 ## - NOTA DE CONTENIDO CON FORMATO
Nota de contenido con formato Public programs
505 ## - NOTA DE CONTENIDO CON FORMATO
Nota de contenido con formato Inspired by Art
505 ## - NOTA DE CONTENIDO CON FORMATO
Nota de contenido con formato Shop!
505 ## - NOTA DE CONTENIDO CON FORMATO
Nota de contenido con formato Harlem Hot Spots
505 ## - NOTA DE CONTENIDO CON FORMATO
Nota de contenido con formato Gala 2005
505 ## - NOTA DE CONTENIDO CON FORMATO
Nota de contenido con formato A Night at Christie's
505 ## - NOTA DE CONTENIDO CON FORMATO
Nota de contenido con formato Spring Benefit 2006
650 ## - PUNTO DE ACCESO ADICIONAL DE MATERIA--TÉRMINO DE MATERIA
Fuente del encabezamiento o término Tesauro de Arte & Arquitectura
Término de materia o nombre geográfico como elemento de entrada ARTE
650 ## - PUNTO DE ACCESO ADICIONAL DE MATERIA--TÉRMINO DE MATERIA
Fuente del encabezamiento o término Tesauro de Arte & Arquitectura
Término de materia o nombre geográfico como elemento de entrada MUSEO
650 ## - PUNTO DE ACCESO ADICIONAL DE MATERIA--TÉRMINO DE MATERIA
Fuente del encabezamiento o término Tesauro de Arte & Arquitectura
Término de materia o nombre geográfico como elemento de entrada CULTURA
651 ## - PUNTO DE ACCESO ADICIONAL DE MATERIA--NOMBRE GEOGRÁFICO
Fuente del encabezamiento o término Tesauro de Arte & Arquitectura
Nombre geográfico NEW YORK
942 ## - ELEMENTOS DE ENTRADA SECUNDARIOS (KOHA)
Fuente del sistema de clasificación o colocación Clasificación Decimal Dewey
Tipo de ítem Koha Libros
Parte de la signatura que corresponde a la clasificación (Parte de la clasificación) 700
Parte de la signatura que identifica el ejemplar (Parte del ítem) E92s
Suprimir en OPAC No
Holdings
Estatus retirado Estado de pérdida Fuente del sistema de clasificación o colocación Especificación de materiales (volumen encuadernado u otra parte) Estado de daño No para préstamo Colección Biblioteca de origen Biblioteca actual Fecha de adquisición Enumeración/cronología de publicación seriada Número de inventario Total de préstamos Signatura topográfica completa Código de barras Visto por última vez Precio de reemplazo Tipo de ítem Koha
    Clasificación Decimal Dewey 2006     Revistas Biblioteca LadoV Biblioteca LadoV 12/07/2023 Spring 003804   700 E92s 003804 12/07/2023 12/07/2023 Libros